Central Library OPAC University of Rajshahi

British empirical philosophers : (Record no. 31999)

MARC details
000 -LEADER
fixed length control field 00797nam a2200253 4500
001 - CONTROL NUMBER
control field 31999
003 - CONTROL NUMBER IDENTIFIER
rucl marc code BD-RjUL
005 - DATE AND TIME OF LATEST TRANSACTION
control field 20211209051757.0
008 - FIXED-LENGTH DATA ELEMENTS--GENERAL INFORMATION
fixed length control field 140423r19651952enk 000 0 eng d
035 ## - SYSTEM CONTROL NUMBER
System control number (BD-RjUL)32088
System control number (OCoLC)371047
040 ## - CATALOGING SOURCE
Original cataloging agency LC
Language of cataloging eng
Transcribing agency LC
Modifying agency BD-RjUL
041 ## - LANGUAGE CODE
Language code of text/sound track or separate title eng
082 00 - DEWEY DECIMAL CLASSIFICATION NUMBER
Classification number 146.4
Author mark and year BRI 1965
245 00 - TITLE STATEMENT
Title British empirical philosophers :
Remainder of title Locke, Berkeley, Hume, Reid and J. S. Mill /
Statement of responsibility, etc. edited by A.J. Ayer and Raymond Winch
260 ## - PUBLICATION, DISTRIBUTION, ETC. (IMPRINT)
Place of publication, distribution, etc. London :
Name of publisher, distributor, etc. Routledge and Kegan Paul,
Date of publication, distribution, etc. 1952 [Impression 1965].
300 ## - PHYSICAL DESCRIPTION
Pagination 560 p. ;
Size 23 cm.
650 #0 - SUBJECT ADDED ENTRY--TOPICAL TERM
Topical term or geographic name as entry element Philosophers, British.
9 (RLIN) 97408
700 1# - ADDED ENTRY--PERSONAL NAME
Personal name Ayer, A. J.
Fuller form of name (Alfred Jules),
Dates associated with a name 1910-1989 .
Personal name Winch, Raymond.
942 ## - ADDED ENTRY ELEMENTS (KOHA)
Source of classification or shelving scheme Dewey Decimal Classification
Koha item type Books
Holdings
Lost status Source of classification or shelving scheme Damaged status Not for loan Collection code Permanent Location Current Location Shelving location Date acquired Source of acquisition Cost, normal purchase price Total Checkouts Full call number Date last seen Copy number Koha item type
  Dewey Decimal Classification     Non-fiction Central Library, University of Rajshahi Central Library, University of Rajshahi   10/08/1972 Paramount Book Cor. 55.00   146.4 BRI 1965 23/04/2014 C-3 Books
  Dewey Decimal Classification     Non-fiction Central Library, University of Rajshahi Central Library, University of Rajshahi   02/01/1956 Allies books 20.50   146.4 BRI 1965 25/07/2016 C-2 Books